| 000 | 00721nam a2200217 a 4500 | ||
|---|---|---|---|
| 999 |
_c9168 _d9168 |
||
| 001 | 9168 | ||
| 003 | BD-JhCC | ||
| 005 | 20180310125848.0 | ||
| 008 | 180310s1372 bg |||| ||a| 000 0 ben d | ||
| 035 | _a(BD-JhCC)9168 | ||
| 040 |
_aBD-JhCC _dBD-JhCC |
||
| 041 | _aben | ||
| 082 |
_a923.179 _bALI 1372 |
||
| 245 |
_aএলিসর রুজভেল্ট (আত্ম-জীবনী) / _cনীলিমা ইব্রাহীম (অনুবাদ) |
||
| 260 |
_aঢাকা : _bস্টুডেন্ট ওয়েজ, _c1372 |
||
| 300 |
_a222 p. : _c18 cm. |
||
| 650 | _aAutobiography | ||
| 700 | _aইব্রাহীম, নীলিমা (অনুবাদ) | ||
| 942 |
_2ddc _cBK |
||